| 000 | 00461nam a2200181 a 4500 | ||
|---|---|---|---|
| 003 | SISC | ||
| 005 | 20190614102205.0 | ||
| 008 | 040305s19uu xx 00 eng d | ||
| 020 | _a0345308980 | ||
| 050 |
_aPS 3551.S5 _b.As8316fe 1982 |
||
| 100 | _aAsimov, Isaac | ||
| 245 |
_aFoundation's edge / _cIsaac Asimov. |
||
| 260 |
_aNew York : _bBallantine books, _c1983. |
||
| 300 |
_a426 p. : _c17 cm. |
||
| 650 | _aFiction | ||
| 942 |
_cBK _2lcc |
||
| 999 |
_c20399 _d20399 |
||